[Event "ITA-ch U20"]
[Site "Tarvisio"]
[Date "2023.07.06"]
[Round "6"]
[White "Giuseppe, Matteo"]
[Black "Mazzola, Filippo"]
[Result "0-1"]
[WhiteElo "1452"]
[BlackElo "1783"]
[PlyCount "97"]
[EventDate "2023.07.02"]
[EventType "swiss"]
[EventRounds "9"]
[EventCountry "ITA"]
[SourceTitle "EXT 2024"]
[Source "ChessBase"]
[SourceDate "2023.10.10"]
[SourceVersion "1"]
[SourceVersionDate "2023.10.10"]
[SourceQuality "1"]

1. d4 Nf6 2. Nf3 g6 3. g3 Bg7 4. Bg2 0-0 5. 0-0 d6 6. c4 Nbd7 7. Nc3 e5 8. e4 exd4 9. Nxd4 Re8 10. h3 a5 11. Be3 Nc5 12. Qc2 Qe7 13. f3 c6 14. Rfe1 Nh5 15. Kh2 Bd7 16. Rad1 Rad8 17. a3 h6 18. b4 axb4 19. axb4 Ne6 20. Qd2 Nxd4 21. Bxd4 Be6 22. Bf1 Bxd4 23. Qxd4 Qg5 24. Qf2 Qe5 25. Rc1 g5 26. Be2 Ra8 27. Rg1 Kh7 28. Rc2 Ra3 29. Nb1 Rb3 30. b5 Ra8 31. Nd2 Rba3 32. bxc6 bxc6 33. c5 Ra2 34. Rgc1 d5 35. exd5 Nxg3 36. Bd3+ Bf5 37. Nc4 Qf4 38. Qxg3 Qxc1 39. Bxf5+ Kg8 40. Qf2 Qf4+ 41. Kg1 Qxf5 42. Rxa2 Qb1+ 43. Qf1 Qxa2 44. d6 Qa7 45. Qf2 Qa1+ 46. Qf1 Qd4+ 47. Kg2 Ra2+ 48. Kh1 Qf4 49. Nb6 0-1